000 00507nam a2200193 a 4500
001 1767357057064
003 ACL
005 20260102180357.0
008 260102s2001##################000#0#eng##
020 _a9781853029448
082 0 4 _a649.125
_bCOL
100 1 _aD.), John C. Coleman (Ph.,
_eauthor.
245 1 0 _aSupporting Parents of Teenagers :
260 _bJessica Kingsley Pub,
_c2001.
300 _a223 pages
650 0 _aFamily & Relationships.
942 _cENGLISH
040 _aACL
_beng
_cACL
999 _c606854
_d606854